| 000 | 00590cam a2200181 i 4500 | ||
|---|---|---|---|
| 020 | _a0700224734 : | ||
| 082 | 0 | 0 |
_a624.171 _bMCC _cL-20, P-160 |
| 100 | 1 |
_aMcCormac, Jack C. _91288 |
|
| 245 | 1 | 0 |
_aStructural analysis / _cJack C. McCormac. |
| 250 | _a3d ed. | ||
| 260 |
_aNew York : _bIntext Educational Publishers, _c[1975] |
||
| 300 |
_axviii, 603 p. : _bill. ; _c24 cm. |
||
| 490 | 0 | _aIntext Educational Publishers series in civil engineering | |
| 526 |
_a0 _b0 _c0 _d624_171000000000000_MCC |
||
| 650 | 0 |
_aMCE _9379 |
|
| 650 | 0 |
_aStructural analysis (Engineering) _9654 |
|
| 942 |
_2ddc _cBK |
||
| 999 |
_c546587 _d546587 |
||